000 00448nam a2200181Ia 4500
001 10400
005 20260306161829.0
008 260306t1976||||xx |||||||||||||| ||spa||
041 _aESP
082 _a923.1
_bS17
100 _aSalmador, Víctor
_eAUT
245 0 _aDon Juan de Borbón:
_bgrandeza y sevidumbre del deber
260 _c1976
300 _a323 páginas :
_c25 cm.
650 _aGEN
654 _aCHU
942 _cLIB
_dJUS
_fJUS
_2ddc
_n
999 _c10400
_d10400